00285nam a2200133Ia 45000030006000000080041000060400015000471000011000622450019000732500010000922600020001025460012001220050017001340STCL150530s9999 xx 000 0 und d aSTCLcSTCL aTagore aCreative unity aFirst bMacmillanc1926 aEnglish20220125170630.0